Science Quiz

Random Science Quiz

Atlantic hurricane naming list Quiz Stats

Quiz not verified by Sporcle

Also try: Click the Trees
Challenge
Share
Tweet
Embed
Score 0/0 Timer 00:00
0 Plays Today
Year Name % Correct
I (2015)Bill
82.2%
II (2016)Alex
82.2%
IV (2018)Chris
78.5%
I (2015)Ana
77.3%
I (2015)Fred
76.7%
III (2017)Jose
76.7%
I (2015)Kate
76.1%
III (2017)Emily
75.5%
I (2015)Danny
73.6%
II (2016)Danielle
72.4%
II (2016)Matthew
72.4%
II (2016)Bonnie
71.2%
III (2017)Bret
71.2%
III (2017)Cindy
71.2%
I (2015)Claudette
70.6%
III (2017)Arlene
70.6%
III (2017)Vince
70.6%
I (2015)Erika
69.9%
II (2016)Lisa
69.9%
III (2017)Maria
69.9%
I (2015)Grace
69.3%
II (2016)Colin
68.1%
IV (2018)Alberto
68.1%
V (2013)Andrea
68.1%
I (2015)Ida
68.1%
I (2015)Peter
68.1%
II (2016)Earl
68.1%
II (2016)Nicole
68.1%
III (2017)Franklin
68.1%
III (2017)Gert
68.1%
V (2013)Erin
68.1%
I (2015)Henri
67.5%
III (2017)Don
67.5%
III (2017)Ophelia
67.5%
IV (2018)Beryl
66.3%
II (2016)Karl
66.3%
III (2017)Tammy
65.6%
VI (2014)Hanna
65.6%
VI (2014)Bertha
65%
III (2017)Harvey
65%
III (2017)Nate
65%
III (2017)Katia
65%
Year Name % Correct
VI (2014)Fay
65%
VI (2014)Cristobal
64.4%
I (2015)Nicholas
64.4%
II (2016)Julia
64.4%
III (2017)Lee
64.4%
III (2017)Irma
64.4%
IV (2018)Ernesto
64.4%
VI (2014)Laura
64.4%
V (2013)Barry
63.8%
II (2016)Fiona
63.8%
III (2017)Rina
63.8%
IV (2018)Michael
63.8%
I (2015)Larry
63.2%
IV (2018)Gordon
63.2%
IV (2018)Debby
63.2%
VI (2014)Arthur
62.6%
I (2015)Joaquin
62.6%
II (2016)Hermine
62.6%
II (2016)Gaston
62.6%
II (2016)Otto
62.6%
IV (2018)Isaac
62.6%
II (2016)Ian
62%
V (2013)Gabrielle
62%
III (2017)Philippe
61.3%
III (2017)Whitney
61.3%
IV (2018)Helene
61.3%
VI (2014)Dolly
61.3%
VI (2014)Kyle
61.3%
V (2013)Chantal
60.7%
II (2016)Richard
60.7%
V (2013)Karen
60.7%
V (2013)Humberto
60.7%
I (2015)Sam
60.1%
I (2015)Odette
60.1%
II (2016)Paula
60.1%
V (2013)Melissa
59.5%
V (2013)Ingrid
59.5%
VI (2014)Edouard
59.5%
I (2015)Mindy
58.9%
III (2017)Sean
58.9%
IV (2018)William
58.3%
V (2013)Jerry
58.3%
Year Name % Correct
I (2015)Rose
57.7%
V (2013)Dorian
57.7%
VI (2014)Josephine
57.7%
I (2015)Victor
57.1%
IV (2018)Florence
57.1%
V (2013)Olga
57.1%
VI (2014)Omar
57.1%
IV (2018)Joyce
56.4%
V (2013)Van
56.4%
VI (2014)Marco
56.4%
II (2016)Walter
55.2%
IV (2018)Kirk
55.2%
V (2013)Lorenzo
55.2%
V (2013)Fernand
55.2%
VI (2014)Nana
55.2%
IV (2018)Leslie
54.6%
V (2013)Wendy
54.6%
V (2013)Tanya
54.6%
V (2013)Sebastien
54.6%
II (2016)Shary
53.4%
IV (2018)Nadine
53.4%
I (2015)Teresa
52.8%
VI (2014)Paulette
52.1%
I (2015)Wanda
51.5%
II (2016)Tobias
51.5%
IV (2018)Oscar
51.5%
V (2013)Pablo
51.5%
V (2013)Nestor
51.5%
V (2013)Rebekah
50.9%
VI (2014)Gonzalo
49.1%
VI (2014)Isaias
49.1%
II (2016)Virginie
48.5%
IV (2018)Patty
47.9%
IV (2018)Sara
46%
VI (2014)Rene
46%
IV (2018)Tony
45.4%
VI (2014)Teddy
42.3%
VI (2014)Vicky
42.3%
IV (2018)Valerie
41.7%
IV (2018)Rafael
41.7%
VI (2014)Sally
41.7%
VI (2014)Wilfred
41.7%

You're not logged in!

Compare scores with friends on all Sporcle quizzes.
Sign Up with Email
OR
Log In

You Might Also Like...

Show Comments

Extras

Top Quizzes Today


Score Distribution

Your Account Isn't Verified!

In order to create a playlist on Sporcle, you need to verify the email address you used during registration. Go to your Sporcle Settings to finish the process.

Report this User

Report this user for behavior that violates our Community Guidelines.

Details: